The implications of the valuation of real estate assets of Portuguese companies for their access to capital markets (Record no. 104932)
[ view plain ]
| 000 -LEADER | |
|---|---|
| fixed length control field | 02253cam a2200169 4500 |
| 001 - CONTROL NUMBER | |
| control field | ##L131965 |
| 008 - FIXED-LENGTH DATA ELEMENTS--GENERAL INFORMATION | |
| fixed length control field | 051219n2000 000 0 eng u |
| 035 ## - SYSTEM CONTROL NUMBER | |
| System control number | (Sirsi) u131965 |
| 041 0# - LANGUAGE CODE | |
| Language code of text/sound track or separate title | eng |
| 100 1# - MAIN ENTRY--PERSONAL NAME | |
| Personal name | Reis, Vitor |
| 245 04 - TITLE STATEMENT | |
| Title | The implications of the valuation of real estate assets of Portuguese companies for their access to capital markets |
| 260 ## - PUBLICATION, DISTRIBUTION, ETC. | |
| Place of publication, distribution, etc. | London |
| Name of publisher, distributor, etc. | RICS |
| Date of publication, distribution, etc. | 2000 |
| 520 ## - SUMMARY, ETC. | |
| Summary, etc. | A process of harmonisation of companies' financial reports has arisen as a consequence of the internationalisation of the economy, which has implications for the methodology and concepts of value used in the valuation of companies' real estate assets. This process has been highlighted by the recent process of stock market associations, like those from Lisbon, Paris and Milan or, more recently, London and Frankfurt. With the Fourth and Seventh Company Law Directive, EC78/660 and EC83/349, the EU made a first attempt to standardise company accounting and presentation of financial reports, but some exceptions were made, allowing countries to continue using their traditional system of accounting of certain items, one of these being property assets. Since then, in an attempt to create standards, a myriad of institutions, such as the EU Commission, governmental bodies and national and international professional bodies, have developed new rules concerning the presentation of companies' financial reports, including rules on the methodology and concepts of value used in the valuation of corporate assets. As a consequence of this dispersion it is possible to have conflicting rules and it is necessary to be careful and explicit about the precise basis of accounting and valuation. The present research programme aims to analyse the diversity of accountancy standards, lending practice and stock exchange rules across Europe in order to create a model relating investors' confidence to the different methodologies and concepts of value used in the valuation of corporate assets. The study will then proceed to analyse the consequences of the process of corporate asset valuations of Portuguese companies for their access to capital markets. |
| 520 ## - SUMMARY, ETC. | |
| Summary, etc. | This item is no longer available. |
| 690 ## - LOCAL SUBJECT ADDED ENTRY--TOPICAL TERM (OCLC, RLIN) | |
| Topical term or geographic name as entry element | PROPERTY-BUSINESS ASSETS |
| 942 ## - ADDED ENTRY ELEMENTS (KOHA) | |
| Suppress in OPAC | 0 |
| Withdrawn status | Lost status | Source of classification or shelving scheme | Damaged status | Not for loan | Home library | Current library | Shelving location | Date acquired | Total Checkouts | Full call number | Barcode | Date last seen | Copy number | Price effective from | Koha item type |
|---|---|---|---|---|---|---|---|---|---|---|---|---|---|---|---|
| Dewey Decimal Classification | Virtual | Virtual | Online | 19/12/2005 | ONLINE PUBLICATION | 131965-1001 | 06/08/2019 | 1 | 06/08/2019 | Book |